|
|
|
|
| LEADER |
00000cas a2200000 a 4500 |
| 001 |
vtls008884434 |
| 003 |
SK-MaSNL |
| 005 |
20260228162247.0 |
| 008 |
141119d20032005xo mr p 0 0 b0slo d |
| 022 |
|
|
|a 1336-2089
|
| 035 |
|
|
|a (SVKBB03)vtls000159736
|
| 040 |
|
|
|a SVKBB
|b slo
|c SVKBB
|d SAVUK
|d SNK
|e AACR2
|
| 041 |
0 |
|
|a slo
|
| 044 |
|
|
|a xo
|c SK
|
| 072 |
|
7 |
|a 796
|x Šport. Hry. Telesné cvičenia
|2 konspekt
|
| 080 |
|
|
|a 796.352
|2 2001
|
| 210 |
0 |
|
|a Slovak golf rev.
|
| 222 |
|
0 |
|a Slovak golf revue
|
| 245 |
0 |
0 |
|a Slovak golf revue
|b časopis o golfe a životnom štýle
|
| 260 |
|
|
|a Bratislava
|b Mediapakt
|c 2002-2005
|
| 260 |
3 |
|
|3 2005
|a Bratislava
|b NEWS.sk
|
| 300 |
|
|
|a 4 zv.
|c 30 cm
|
| 310 |
|
|
|a 1x mesačne
|
| 362 |
0 |
|
|a Č. 12 (2002)-č. 7 (2005)
|
| 500 |
|
|
|a Registračné č. MK SR: 2886/2002
|
| 500 |
|
|
|a Šéfredaktor: (2002-), Ivan Mičko
|
| 500 |
|
|
|a Od č. (8) august vychádza pod názvom Golf
|
| 650 |
0 |
7 |
|a golf
|2 SNKPH
|9 3295
|
| 655 |
|
7 |
|a časopisy pre voľný čas
|2 SNKPH
|9 70337
|
| 700 |
1 |
|
|a Mičko, Ivan
|4 pbd
|9 265645
|
| 785 |
0 |
0 |
|t Golf
|x 1336-7390
|w vtls008420230
|
| 856 |
4 |
0 |
|a www.slovakgolfrevue.sk
|
| 910 |
|
|
|a svkbb
|
| 910 |
|
|
|a savuk
|
| 910 |
|
|
|a snk
|
| 916 |
|
|
|a 2003-2005
|
| 999 |
|
|
|c 7326
|d 9256
|
| 952 |
|
|
|0 0
|1 0
|4 0
|7 0
|8 0
|a SNK
|b SNK
|d 2014-06-23
|i snk2014/14222
|l 0
|o snkČSB 5895/2005/1 D1
|p 17A1088392
|r 2026-02-21 21:24:52
|t č. 1-6
|w 2026-02-21
|y PREZ
|
| 952 |
|
|
|0 0
|1 0
|4 0
|7 0
|8 0
|a SNK
|b SNK
|d 2014-06-23
|i snk2014/14226
|l 0
|o snkČSB 5895/2005/2 D1
|p 17A1088393
|r 2026-02-21 21:24:52
|t č. 7-december/január 2006
|w 2026-02-21
|y PREZ
|
| 952 |
|
|
|0 0
|1 0
|4 0
|7 0
|8 0
|a SNK
|b SNK
|d 2014-06-20
|f 1
|i snk2014/14157
|l 0
|o snkČSB 5895/2003
|p 17A1088384
|r 2026-02-21 21:24:58
|t č. 1-12, neúplné
|w 2026-02-21
|y PREZ
|z chýba č. 1-3
|
| 952 |
|
|
|0 0
|1 0
|4 0
|7 0
|8 0
|a SNK
|b SNK
|d 2014-06-20
|i snk2014/14158
|l 0
|o snkČSB 5895/2003 D1
|p 17A1088385
|r 2026-02-21 21:24:58
|t č. 1-12, neúplné
|w 2026-02-21
|y PREZ
|z chýba č. 1-3
|
| 952 |
|
|
|0 0
|1 0
|4 0
|7 0
|8 0
|a SNK
|b SNK
|d 2014-06-20
|f 1
|i snk2014/14159
|l 0
|o snkČSB 5895/2004/1
|p 17A1088386
|r 2026-02-21 21:24:58
|t č. 1-6
|w 2026-02-21
|y PREZ
|
| 952 |
|
|
|0 0
|1 0
|4 0
|7 0
|8 0
|a SNK
|b SNK
|d 2014-06-20
|f 1
|i snk2014/14160
|l 0
|o snkČSB 5895/2004/2
|p 17A1088387
|r 2026-02-21 21:24:58
|t č. 7-12
|w 2026-02-21
|y PREZ
|
| 952 |
|
|
|0 0
|1 0
|4 0
|7 0
|8 0
|a SNK
|b SNK
|d 2014-06-20
|i snk2014/14161
|l 0
|o snkČSB 5895/2004/1 D1
|p 17A1088388
|r 2026-02-21 21:24:58
|t č. 1-6
|w 2026-02-21
|y PREZ
|
| 952 |
|
|
|0 0
|1 0
|4 0
|7 0
|8 0
|a SNK
|b SNK
|d 2014-06-20
|i snk2014/14162
|l 0
|o snkČSB 5895/2004/2 D1
|p 17A1088389
|r 2026-02-21 21:24:58
|t č. 7-12
|w 2026-02-21
|y PREZ
|
| 952 |
|
|
|0 0
|1 0
|4 0
|7 0
|8 0
|a SNK
|b SNK
|d 2014-06-20
|f 1
|i snk2014/14169
|l 0
|o snkČSB 5895/2005/1
|p 17A1088390
|r 2026-02-21 21:24:59
|t č. 1-6
|w 2026-02-21
|y PREZ
|
| 952 |
|
|
|0 0
|1 0
|4 0
|7 0
|8 0
|a SNK
|b SNK
|d 2014-06-20
|f 1
|i snk2014/14184
|l 0
|o snkČSB 5895/2005/2
|p 17A1088391
|r 2026-02-21 21:24:59
|t č. 7-december/január 2006
|w 2026-02-21
|y PREZ
|